000 00659nam a2200193Ia 4500
008 151119s9999||||xx |||||||||||||| ||und||
082 _a28.5
082 _bGKKV10318
100 _aदेवळे श रा
245 _aह्यानी हिंदवी स्वराज्य घडविले
260 _a--
260 _b--
260 _c0
600 _aदेवळे श रा
630 _aह्यानी हिंदवी स्वराज्य घडविले
700 _aदेवळे श रा
730 _aह्यानी हिंदवी स्वराज्य घडविले
942 _cBOOK
999 _c1064474
_d1064471